000 00615nam a2200229Ia 4500
003 OSt
005 20221007082037.0
006 a|||||r|||| 00| 0
007 ta
008 221006b |||||||| |||| 00| 0 eng d
024 _a26,131
037 _cTextual
040 _aFLL
_cFLL
_beng
041 _2eng
_aeng
082 _aD3:Z73:N55, K2
100 _aMountain Rocky
_9696150
245 0 _aMineral law institute
260 _aU.S.A.
_bMatthew Bender & Company U.S.A.
_c1962
300 _axv,1-766p
_ccm.
942 _hD3:Z73:N55, K2
_cTEXL
_2CC
999 _c1165137
_d1165137